Southville International School and Colleges
Your cart is empty.
  • Cart
  • Lists
    Public lists Eva Luna New books Lux_list list_1
    Your lists Log in to create your own lists
  • Log in to your account
  • Your cookies
  • Search history
Southville International School and Colleges
  • Advanced search
  • Recent comments
  • Most popular
  • Libraries

Log in to your account

Log in with GOOGLE


If you do not have an external account, but do have a local account, you can still log in:

  1. Home
  2. MARC view: Oh say you can say? /
Normal view MARC view ISBD view

Oh say you can say? / (Record no. 102641)

[ view plain ]
MARC details
000 -LEADER
fixed length control field 00629nam a2200241 a 4500
005 - DATE AND TIME OF LATEST TRANSACTION
control field 20140412111239.0
008 - FIXED-LENGTH DATA ELEMENTS--GENERAL INFORMATION
fixed length control field 001117s19uu xx 00 eng d
020 ## - INTERNATIONAL STANDARD BOOK NUMBER
International Standard Book Number 0-394-84255-8
050 ## - LIBRARY OF CONGRESS CALL NUMBER
Classification number ER
Item number Oh1
100 ## - MAIN ENTRY--PERSONAL NAME
Personal name Seuss, Dr., 1904
245 ## - TITLE STATEMENT
Title Oh say you can say? /
Statement of responsibility, etc Dr. Seuss.
260 ## - PUBLICATION, DISTRIBUTION, ETC. (IMPRINT)
Place of publication, distribution, etc New York :
Name of publisher, distributor, etc Beginner Books,
Date of publication, distribution, etc 1979.
300 ## - PHYSICAL DESCRIPTION
Extent 1 v. (unp.) ; ill.
440 ## - SERIES STATEMENT/ADDED ENTRY--TITLE
Title Beginner Books
520 ## - SUMMARY, ETC.
Summary, etc A Collection of nonsensical tongue twisters.
650 ## - SUBJECT ADDED ENTRY--TOPICAL TERM
Topical term or geographic name as entry element Tongue twisters
650 ## - SUBJECT ADDED ENTRY--TOPICAL TERM
Topical term or geographic name as entry element Children stories
Holdings
Withdrawn status Lost status Damaged status Use restrictions Home library Current library Shelving location Date acquired Source of acquisition Total Checkouts Full call number Barcode Date last seen Price effective from Koha item type
        Elizalde Library Elizalde Library Easy Reading Section 11/17/2000     ER Oh1 E2329 04/12/2014 04/12/2014 Books
        Elizalde Library Elizalde Library Easy Reading Section 11/17/2000     ER Oh1 E5265 04/12/2014 04/12/2014 Books
        Elizalde Library Elizalde Library Easy Reading Section 11/17/2000     ER Oh1 E2266 04/12/2014 04/12/2014 Books
        Elizalde Library Elizalde Library Easy Reading Section 11/17/2000     ER Oh1 E5027 04/12/2014 04/12/2014 Books
        Elizalde Library Elizalde Library Easy Reading Section 12/07/2000     ER Oh1 E7207 04/12/2014 04/12/2014 Books

Oh say you can say? /

APA

Seuss D. 1., . (1979). Oh say you can say?. New York: Beginner Books.

Chicago

Seuss Dr 1904, . 1979. Oh say you can say?. New York: Beginner Books.

Harvard

Seuss D. 1., . (1979). Oh say you can say?. New York: Beginner Books.

MLA

Seuss Dr 1904, . Oh say you can say?. New York: Beginner Books. 1979.

  • Place hold
  • Print
  • Cite
  • Add to your cart (remove)
  • Save record
    BIBTEX Dublin Core MARCXML MARC (non-Unicode/MARC-8) MARC (Unicode/UTF-8) MARC (Unicode/UTF-8, Standard) MODS (XML) RIS
  • More searches
    Search for this title in:
    Other Libraries (WorldCat) Other Databases (Google Scholar) Online Stores (Bookfinder.com) Open Library (openlibrary.org)

Exporting to Dublin Core...

SOUTHVILLE LIBRARY

Southville International School and Colleges Library

1281 Tropical Ave. Cor. Luxembourg St., BF Homes International, Las Pinas City

Tel. No. 8256374 / 252358 Loc. 117/146

Powered by Koha